000
00330 a2200145 4500
001
156056
040
_c
Escola São Tomás de Aquino
100
_a
CARRASCO, Walcyr
240
1
0
_a
O mistério da gruta
_l
por
245
1
0
_a
O mistério da gruta
300
_a
64
362
0
_a
2012
697
_a
*LITERATURA JUVENIL
942
_c
BK
999
_c
156056
_d
156056